<?xml version="1.0" encoding="UTF-8"?>
<record
    xmlns:xsi="http://www.w3.org/2001/XMLSchema-instance"
    xsi:schemaLocation="http://www.loc.gov/MARC21/slim http://www.loc.gov/standards/marcxml/schema/MARC21slim.xsd"
    xmlns="http://www.loc.gov/MARC21/slim">

  <leader>01682nam a2200397   4500</leader>
  <controlfield tag="001">13933</controlfield>
  <controlfield tag="003">http://catalogue.bnf.fr/ark:/12148/cb48569564g</controlfield>
  <controlfield tag="005">20251002124543.0</controlfield>
  <datafield tag="010" ind1=" " ind2=" ">
    <subfield code="a">9791094828779</subfield>
    <subfield code="d">10 EUR</subfield>
  </datafield>
  <datafield tag="073" ind1=" " ind2="0">
    <subfield code="a">9791094828779</subfield>
  </datafield>
  <datafield tag="090" ind1=" " ind2=" ">
    <subfield code="a">13933</subfield>
  </datafield>
  <datafield tag="099" ind1=" " ind2=" ">
    <subfield code="o">0</subfield>
  </datafield>
  <datafield tag="100" ind1=" " ind2=" ">
    <subfield code="a">20250731d2025    m  y0frey50      ba</subfield>
  </datafield>
  <datafield tag="101" ind1="0" ind2=" ">
    <subfield code="a">fre</subfield>
  </datafield>
  <datafield tag="102" ind1=" " ind2=" ">
    <subfield code="a">FR</subfield>
  </datafield>
  <datafield tag="105" ind1=" " ind2=" ">
    <subfield code="a">||||z   00|||</subfield>
  </datafield>
  <datafield tag="181" ind1=" " ind2="0">
    <subfield code="6">01</subfield>
    <subfield code="a">i </subfield>
    <subfield code="b">xxxe  </subfield>
  </datafield>
  <datafield tag="181" ind1=" " ind2=" ">
    <subfield code="6">02</subfield>
    <subfield code="c">txt</subfield>
    <subfield code="2">rdacontent</subfield>
  </datafield>
  <datafield tag="182" ind1=" " ind2="0">
    <subfield code="6">01</subfield>
    <subfield code="a">n</subfield>
  </datafield>
  <datafield tag="182" ind1=" " ind2=" ">
    <subfield code="6">02</subfield>
    <subfield code="c">n</subfield>
    <subfield code="2">rdamedia</subfield>
  </datafield>
  <datafield tag="200" ind1="1" ind2=" ">
    <subfield code="a">Fail (Fonce Avance Invincible Loser)</subfield>
    <subfield code="b">LIVR</subfield>
    <subfield code="e">pi&#xE8;ce jeunesse</subfield>
  </datafield>
  <datafield tag="214" ind1=" " ind2="0">
    <subfield code="c">Editions Koin&#xE8;</subfield>
    <subfield code="d">2025</subfield>
  </datafield>
  <datafield tag="214" ind1=" " ind2="3">
    <subfield code="c">Impr. St&#xE9; ACORT Europe www.cogetefi.com</subfield>
  </datafield>
  <datafield tag="214" ind1=" " ind2="0">
    <subfield code="a">Bagnolet</subfield>
  </datafield>
  <datafield tag="214" ind1=" " ind2="3">
    <subfield code="a">91- Les Ulis Cedex</subfield>
  </datafield>
  <datafield tag="215" ind1=" " ind2=" ">
    <subfield code="a">1 vol. (46 p.)</subfield>
  </datafield>
  <datafield tag="215" ind1=" " ind2=" ">
    <subfield code="d">18 cm</subfield>
  </datafield>
  <datafield tag="225" ind1="1" ind2=" ">
    <subfield code="a">F.A.I.L, fonce avance invincible loser</subfield>
  </datafield>
  <datafield tag="323" ind1=" " ind2=" ">
    <subfield code="a">6 personnages</subfield>
  </datafield>
  <datafield tag="330" ind1=" " ind2=" ">
    <subfield code="a">Le Ma&#xEE;tre du F.A.I.L vous attend pour vous raconter l histoire de Noa, Blue et Box. Plongez dans une aventure o&#xF9; pour gagner notre personnage va devoir &#xE9;chouer (et inversement). Une aventure pour nous faire aimer nos grandeurs comme nos faiblesses. L &#xE9;chec nous y livrera toute sa force avant que, tels d invincibles losers, nous nous &#xE9;lancions &#xE0; nouveau &#xE0; la conqu&#xEA;te de tout ce qu il nous reste &#xE0; accomplir. Episode 1 Fail : le ma&#xEE;tre du FAIL vous attend pour vous raconter l histoire de Noa</subfield>
  </datafield>
  <datafield tag="610" ind1=" " ind2=" ">
    <subfield code="a">Harc&#xE8;lement</subfield>
    <subfield code="a">Coll&#xE8;ge</subfield>
    <subfield code="a">Discrimination</subfield>
  </datafield>
  <datafield tag="700" ind1=" " ind2=" ">
    <subfield code="a">Fabre</subfield>
    <subfield code="b">Marjorie</subfield>
  </datafield>
  <datafield tag="700" ind1=" " ind2=" ">
    <subfield code="c">Auteur du texte</subfield>
  </datafield>
  <datafield tag="801" ind1=" " ind2="0">
    <subfield code="a">FR</subfield>
    <subfield code="b">FR-751131015</subfield>
    <subfield code="c">20250731</subfield>
    <subfield code="g">AFNOR</subfield>
    <subfield code="h">FRBNF48569564000000X</subfield>
  </datafield>
  <datafield tag="856" ind1=" " ind2="2">
    <subfield code="u">1084926</subfield>
    <subfield code="b">Premi&#xE8;re de couverture</subfield>
  </datafield>
  <datafield tag="856" ind1=" " ind2="2">
    <subfield code="u">1084927</subfield>
    <subfield code="b">Quatri&#xE8;me de couverture</subfield>
  </datafield>
  <datafield tag="995" ind1=" " ind2=" ">
    <subfield code="2">0</subfield>
    <subfield code="5">2025-10-02</subfield>
    <subfield code="9">13824</subfield>
    <subfield code="c">JOL</subfield>
    <subfield code="f">JOL-007633</subfield>
    <subfield code="k">TH JP FAB 6</subfield>
    <subfield code="o">0</subfield>
    <subfield code="b">JOL</subfield>
    <subfield code="r">LIVR</subfield>
  </datafield>
</record>
